000 00290nam a22001337a 4500
008 170221b xxu||||| |||| 00| 0 eng d
020 _a9781582550671
041 _aeng
080 _221ST
_a615
100 _a5
101 _aSHF
245 _aDRUG HANDBOOK
_cCARPENTER, D.O
942 _2udc
_cBK
999 _c5918
_d5918